000 00444nam a2200193Ia 4500
008 210210b1956 xxu||||| |||| 00| 0 eng d
041 _aeng
082 _a370/29
100 _aINDIA (Government of)
245 _aInstitutions for higher education 1956
260 _aDelhi
_b-
_c1956
650 _aInstitutions
650 _ahigher
650 _afor
650 _aeducation
650 _a1956
690 _aEducation
906 _a004969
999 _c128643
_d128643